000 00574nam a2200145Ia 4500
008 140724s9999 xx 000 0 und d
050 _aTK 5101
_b.D331 2011
100 _adela Santa, Lea Roca.
245 _aWeb-based information system for Asian Association of School Human Resource Management and Development Practiotioners, Inc. (AASHPI) /
_cLea Roca dela Santa.
260 _aLas PiƱas, Philippines :
_bSouthville International School and Colleges,
_cc2011.
300 _a38 p. :
_bill. ;
_c28 cm.
521 _aInformation Technology
942 _cTH
999 _c229267
_d229267